[Event "Dan Kragujevca 2009"]
[Site "Kragujevac"]
[Date "2009.04.13"]
[Round "6.1"]
[White "Pavlovic, Dejan S"]
[Black "Damjanovic, Dragan"]
[Result "1/2-1/2"]
[WhiteElo "2400"]
[BlackElo "2198"]
[PlyCount "55"]
[EventDate "2009.04.11"]

1. e4 c5 2. Nf3 Nc6 3. d4 cxd4 4. Nxd4 Qc7 5. Nc3 e6 6. Be2 a6 7. O-O Nf6 8.
Be3 d6 9. f4 Be7 10. Kh1 O-O 11. Qe1 Nxd4 12. Bxd4 b5 13. a3 Bb7 14. Qg3 Bc6
15. Rae1 Qb7 16. Bd3 b4 17. Nd1 bxa3 18. bxa3 Rad8 19. Nf2 Nh5 20. Qg4 g6 21.
f5 e5 22. Be3 Nf6 23. Qh3 d5 24. Bh6 Rfe8 25. Ng4 Nxg4 26. Qxg4 dxe4 27. Bc4
Bd5 28. Bxd5 1/2-1/2

[Event "Dan Kragujevca 2009"]
[Site "Kragujevac"]
[Date "2009.04.13"]
[Round "6.2"]
[White "Milosevic, Slavisa"]
[Black "Tadic, Branko"]
[Result "0-1"]
[WhiteElo "2287"]
[BlackElo "2485"]
[PlyCount "98"]
[EventDate "2009.04.11"]

1. e4 c5 2. Nf3 Nf6 3. Nc3 Nc6 4. d4 d5 5. exd5 Nxd5 6. Nxd5 Qxd5 7. Be3 cxd4
8. Nxd4 a6 9. Nf3 Qa5+ 10. Qd2 Qxd2+ 11. Bxd2 e5 12. Bc4 f6 13. O-O-O Bc5 14.
Rhf1 Ke7 15. Rde1 Be6 16. Bxe6 Kxe6 17. Be3 Bxe3+ 18. Rxe3 Rad8 19. Ne1 g5 20.
f4 gxf4 21. Rxf4 Ne7 22. Rf2 Nd5 23. Rh3 Rd7 24. Nd3 Rc8 25. Rh6 Rg7 26. Re2
Kf7 27. Rd2 Ne3 28. Ne1 Nf5 29. Rh3 e4 30. Rd7+ Kg8 31. Rxg7+ Kxg7 32. Rb3 b5
33. Rb4 Nd6 34. a4 f5 35. Rd4 Rc6 36. c3 Nc4 37. Rd5 Ne3 38. Rd7+ Kg6 39. axb5
axb5 40. Kd2 Nc4+ 41. Kc1 b4 42. Kc2 bxc3 43. bxc3 Ne3+ 44. Kb2 Rb6+ 45. Ka2 h5
46. Rd8 Nc4 47. Rd4 Rb2+ 48. Ka1 Re2 49. Rd1 Ne3 0-1

[Event "Dan Kragujevca 2009"]
[Site "Kragujevac"]
[Date "2009.04.13"]
[Round "6.3"]
[White "Zlatanovic, Boroljub"]
[Black "Tosic, Miroslav"]
[Result "1-0"]
[WhiteElo "2392"]
[BlackElo "2448"]
[PlyCount "113"]
[EventDate "2009.04.11"]

1. c4 Nf6 2. Nc3 d5 3. cxd5 Nxd5 4. Nf3 g6 5. e4 Nxc3 6. dxc3 Qxd1+ 7. Kxd1 Bg7
8. Bf4 c6 9. Kc2 Nd7 10. Be2 Nf6 11. Nd2 Be6 12. f3 Nd7 13. Bc4 Nc5 14. Be3
Bxc4 15. Nxc4 Ne6 16. Na5 Nd8 17. Rhd1 Be5 18. h3 Bc7 19. Nb3 Ne6 20. Nc5 Nxc5
21. Bxc5 b6 22. Be3 Rd8 23. a4 Rxd1 24. Rxd1 f6 25. a5 Kf7 26. axb6 axb6 27.
Ra1 Rb8 28. Ra7 Bd6 29. Ra6 Bc7 30. c4 c5 31. b4 cxb4 32. Kb3 Rd8 33. Kxb4 Rd3
34. Bxb6 Bf4 35. Ra2 Ke6 36. c5 Rd2 37. Rxd2 Bxd2+ 38. Kb5 Kd7 39. c6+ Kc8 40.
Ba5 Be3 41. Kc4 e6 42. Bc3 Kc7 43. Kb5 f5 44. Be5+ Kc8 45. exf5 gxf5 46. g4
fxg4 47. fxg4 Bg5 48. Kc5 Be7+ 49. Kd4 Bg5 50. Ke4 Kd8 51. Bd6 Bf6 52. Bf4 Kc8
53. g5 Bg7 54. h4 Kd8 55. Be5 Bf8 56. h5 Kc8 57. g6 1-0

[Event "Dan Kragujevca 2009"]
[Site "Kragujevac"]
[Date "2009.04.13"]
[Round "6.4"]
[White "Radovanovic, Dusan"]
[Black "Maksimovic, Branimir"]
[Result "0-1"]
[WhiteElo "2308"]
[BlackElo "2418"]
[PlyCount "52"]
[EventDate "2009.04.11"]

1. d4 e6 2. Nf3 Nf6 3. Bg5 h6 4. Bxf6 Qxf6 5. e4 d6 6. Nc3 Nc6 7. Bb5 Bd7 8. d5
Ne5 9. Bxd7+ Kxd7 10. Nxe5+ Qxe5 11. O-O g5 12. Qh5 Rh7 13. Rad1 Be7 14. dxe6+
fxe6 15. f4 Qc5+ 16. Kh1 Rf8 17. f5 exf5 18. exf5 Rhf7 19. f6 Rxf6 20. Rxf6
Bxf6 21. Qxh6 Be7 22. h3 c6 23. Re1 Qc4 24. Kg1 Qf7 25. Kh1 d5 26. Ne2 Qf2 0-1

[Event "Dan Kragujevca 2009"]
[Site "Kragujevac"]
[Date "2009.04.13"]
[Round "6.5"]
[White "Misailovic, Nebojsa"]
[Black "Ostojic, Nikola"]
[Result "0-1"]
[WhiteElo "2293"]
[BlackElo "2391"]
[PlyCount "74"]
[EventDate "2009.04.11"]

1. f4 c5 2. Nf3 Nc6 3. e4 d6 4. d3 g6 5. g3 Bg7 6. Bg2 e6 7. c3 Nge7 8. Be3 O-O
9. O-O b6 10. d4 Ba6 11. Re1 Rc8 12. Nbd2 Bd3 13. a3 cxd4 14. cxd4 e5 15. d5
Nd4 16. Bxd4 exd4 17. Qa4 Bc2 18. Qxa7 d3 19. Ra2 Ra8 20. Qb7 Rb8 21. Qa6 Ra8
22. Qc4 b5 23. Qxb5 Qc7 24. Rea1 Qa7+ 25. Kh1 Rab8 26. a4 Rxb5 27. axb5 Qc5 28.
Ra7 Nc8 29. R7a6 Nb6 30. e5 dxe5 31. Ne4 Qxb5 32. Nxe5 Qxb2 33. d6 f5 34. Ng5
Bxe5 35. fxe5 Qxe5 36. Ra7 d2 37. Nf3 Qxd6 0-1

[Event "Dan Kragujevca 2009"]
[Site "Kragujevac"]
[Date "2009.04.13"]
[Round "6.6"]
[White "Ilic, Slobodan S"]
[Black "Kojovic, Dragan"]
[Result "1-0"]
[WhiteElo "2212"]
[BlackElo "2382"]
[PlyCount "117"]
[EventDate "2009.04.11"]

1. e4 e5 2. Nf3 Nf6 3. Nxe5 d6 4. Nf3 Nxe4 5. Nc3 Nxc3 6. dxc3 Be7 7. Be3 O-O
8. Qd2 Nd7 9. h3 Nc5 10. O-O-O Be6 11. Kb1 Ne4 12. Qc1 c5 13. Nd2 Qa5 14. c4
Nf6 15. Bg5 b5 16. Nb3 Qb6 17. cxb5 a6 18. a4 axb5 19. Bxb5 d5 20. Rhe1 Ra7 21.
Bxf6 Bxf6 22. Qe3 Rc7 23. g4 g6 24. f4 d4 25. Qf2 Bc8 26. Nd2 Rb7 27. Nc4 Qd8
28. Qf3 Rc7 29. Ne5 Bb7 30. Qd3 Bh4 31. Re2 Bf6 32. Bc4 Qa8 33. b3 Re7 34. Rde1
Rc7 35. g5 Bg7 36. f5 gxf5 37. Qxf5 Bc8 38. Qd3 Bb7 39. g6 hxg6 40. Nxg6 Rd8
41. Ne7+ Kf8 42. Qh7 Rxe7 43. Rxe7 Bd5 44. Qf5 Bxc4 45. Qxc5 Kg8 46. Qxc4 Rf8
47. Rf1 Kh8 48. Rexf7 Rc8 49. Qb5 Qg2 50. Qf5 Rd8 51. Qg4 Qxg4 52. hxg4 d3 53.
cxd3 Rxd3 54. R1f3 Rd1+ 55. Kc2 Rg1 56. Rxg7 Kxg7 57. Rf4 Ra1 58. Kc3 Kg6 59.
Kb4 1-0

[Event "Dan Kragujevca 2009"]
[Site "Kragujevac"]
[Date "2009.04.13"]
[Round "6.7"]
[White "Todorovic, Goran M"]
[Black "Tasic, Zoran T"]
[Result "1-0"]
[WhiteElo "2467"]
[BlackElo "2198"]
[PlyCount "51"]
[EventDate "2009.04.11"]

1. e4 e6 2. d4 d5 3. Nd2 Be7 4. exd5 exd5 5. Bd3 Nc6 6. c3 Nh6 7. Ndf3 Nf5 8.
Ne2 h5 9. O-O Bf6 10. Re1 Nce7 11. Qc2 Kf8 12. Bf4 Nd6 13. h3 g6 14. Be5 Nef5
15. Rad1 c6 16. b3 Bg7 17. c4 Kg8 18. cxd5 cxd5 19. Nf4 Ne7 20. Qc5 Bxe5 21.
dxe5 Ne8 22. e6 f5 23. Ne5 Kh7 24. Nf7 Qc7 25. Qe3 Nf6 26. Nxd5 1-0

[Event "Dan Kragujevca 2009"]
[Site "Kragujevac"]
[Date "2009.04.13"]
[Round "6.8"]
[White "Stojanovic, Zlatko"]
[Black "Milenkovic, Mladen"]
[Result "0-1"]
[WhiteElo "2239"]
[BlackElo "2342"]
[PlyCount "57"]
[EventDate "2009.04.11"]

1. e4 c5 2. Nf3 d6 3. d4 cxd4 4. Nxd4 Nf6 5. Nc3 g6 6. Be3 Bg7 7. f3 O-O 8. Qd2
Nc6 9. Bc4 Bd7 10. h4 Qa5 11. Bb3 Rfc8 12. O-O-O Ne5 13. h5 Nxh5 14. g4 Nf6 15.
Bh6 Rxc3 16. bxc3 Rc8 17. Bxg7 Kxg7 18. Kb2 d5 19. a3 Kg8 20. g5 Nh5 21. Nf5
Bxf5 22. exf5 Nc4+ 23. Bxc4 dxc4 24. f6 exf6 25. Rxh5 gxh5 26. gxf6 Kh8 27. Qh6
Qb6+ 28. Ka2 Rg8 29. Qxh5 0-1

[Event "Dan Kragujevca 2009"]
[Site "Kragujevac"]
[Date "2009.04.13"]
[Round "6.9"]
[White "Jevtic, Miroljub"]
[Black "Lazic, Dragoljub"]
[Result "1/2-1/2"]
[WhiteElo "2173"]
[BlackElo "2327"]
[PlyCount "128"]
[EventDate "2009.04.11"]

1. d4 Nf6 2. c4 g6 3. Nc3 Bg7 4. Nf3 O-O 5. g3 d6 6. Bg2 Nbd7 7. O-O e5 8. dxe5
dxe5 9. Qc2 c6 10. Rd1 Qc7 11. b3 Re8 12. Ba3 Bf8 13. Bxf8 Rxf8 14. Ng5 Nc5 15.
Rd2 Bf5 16. e4 Bc8 17. Rad1 h6 18. Nf3 Bg4 19. h3 Bxf3 20. Bxf3 Ne6 21. Qd3
Rfd8 22. Qe3 Rxd2 23. Rxd2 h5 24. Kg2 a5 25. Bd1 Rd8 26. Bc2 h4 27. Ne2 hxg3
28. fxg3 Kg7 29. a3 Rxd2 30. Qxd2 Nc5 31. Kf3 b6 32. b4 axb4 33. axb4 Ne6 34.
h4 Nh5 35. Kg2 Qe7 36. Bb3 Nf6 37. Bc2 Nc7 38. Kf3 Na6 39. b5 cxb5 40. cxb5 Nc5
41. Nc3 Qe6 42. Qe2 Qg4+ 43. Kf2 Qh3 44. Bd1 Ne6 45. Qf1 Ng4+ 46. Bxg4 Qxg4 47.
Kg2 Nd4 48. Qd3 Qe6 49. Nd5 Qd6 50. Qf1 f5 51. Qc4 fxe4 52. Qc7+ Qxc7 53. Nxc7
Kf6 54. g4 e3 55. Nd5+ Ke6 56. Nxe3 Nxb5 57. Nc4 Nd6 58. Nxb6 Ne4 59. Kf3 Nd6
60. Ke3 Nf7 61. Nc4 Nh6 62. Kf3 Ng8 63. h5 gxh5 64. gxh5 Kf5 1/2-1/2

[Event "Dan Kragujevca 2009"]
[Site "Kragujevac"]
[Date "2009.04.13"]
[Round "6.10"]
[White "Jovanovic, Bojan P"]
[Black "Rihterovic, Milan"]
[Result "1-0"]
[WhiteElo "2010"]
[BlackElo "2284"]
[PlyCount "81"]
[EventDate "2009.04.11"]

1. d4 Nf6 2. Nf3 e6 3. Bf4 b6 4. e3 Bb7 5. Be2 Be7 6. h3 O-O 7. O-O d6 8. c4
Nbd7 9. Nc3 Re8 10. Qc2 Bf8 11. Rfd1 Qe7 12. Nb5 Rec8 13. Rac1 Ne4 14. d5 f5
15. Nfd4 exd5 16. Nxf5 Qf7 17. cxd5 Nef6 18. e4 a5 19. b3 Nc5 20. f3 Nh5 21.
Be3 Re8 22. a3 Rac8 23. b4 axb4 24. axb4 Nd7 25. Ra1 g6 26. Nh6+ Bxh6 27. Bxh6
Qf6 28. Qd2 Ng3 29. Bf1 Nxf1 30. Rxf1 Ra8 31. Rxa8 Rxa8 32. Nxc7 Ra4 33. Be3
Qe7 34. Bd4 Nc5 35. bxc5 dxc5 36. Ne6 cxd4 37. Nxd4 Qc5 38. Rd1 b5 39. Kh1 Rc4
40. Ne6 Qd6 41. Qh6 1-0

[Event "Dan Kragujevca 2009"]
[Site "Kragujevac"]
[Date "2009.04.13"]
[Round "6.11"]
[White "Peric, Slavisa"]
[Black "Boskovic, Maksimilijan"]
[Result "1-0"]
[WhiteElo "2277"]
[BlackElo "1914"]
[PlyCount "101"]
[EventDate "2009.04.11"]

1. d4 Nf6 2. Nf3 d5 3. c4 c6 4. e3 e6 5. Nbd2 Be7 6. Bd3 O-O 7. O-O Nbd7 8. b3
c5 9. Bb2 b6 10. e4 dxe4 11. Nxe4 Bb7 12. Qe2 Nxe4 13. Bxe4 Bxe4 14. Qxe4 Bf6
15. Rad1 Qe7 16. Ba3 Rfd8 17. Rd3 Re8 18. Rfd1 Rad8 19. g3 Nb8 20. dxc5 Rxd3
21. Rxd3 bxc5 22. Qe3 Na6 23. Qd2 Rd8 24. Rxd8+ Qxd8 25. Qxd8+ Bxd8 26. Ne5 f6
27. Nd3 Be7 28. f4 Bd6 29. Kf2 Kf7 30. Kf3 h5 31. Ke4 g6 32. Bc1 Nb8 33. Be3
Na6 34. a3 Ke8 35. b4 cxb4 36. c5 Be7 37. axb4 Nc7 38. Kd4 Kd7 39. Kc4 a6 40.
Bd4 Nb5 41. Bb2 Kc6 42. Nc1 Kc7 43. Nb3 Kc6 44. Nd2 Nc7 45. Nf3 a5 46. Nd4+ Kb7
47. b5 e5 48. fxe5 fxe5 49. Nc6 Bf6 50. Nxa5+ Kc8 51. b6 1-0

[Event "Dan Kragujevca 2009"]
[Site "Kragujevac"]
[Date "2009.04.13"]
[Round "6.12"]
[White "Sorgic, Dragan"]
[Black "Dodic, Dragan"]
[Result "1/2-1/2"]
[WhiteElo "2282"]
[BlackElo "2143"]
[PlyCount "34"]
[EventDate "2009.04.11"]

1. e4 c6 2. d4 d5 3. Nc3 dxe4 4. Nxe4 Nd7 5. Bc4 Ndf6 6. Nxf6+ Nxf6 7. c3 Qb6
8. Nf3 Bf5 9. Ne5 e6 10. O-O Bd6 11. Qe2 O-O 12. Bg5 Qc7 13. f4 h6 14. Bh4 Nd5
15. g4 Bh7 16. g5 hxg5 17. fxg5 Bxe5 1/2-1/2

[Event "Dan Kragujevca 2009"]
[Site "Kragujevac"]
[Date "2009.04.13"]
[Round "6.13"]
[White "Ilic, Slobodan R"]
[Black "Djosic, Slavoljub"]
[Result "1/2-1/2"]
[WhiteElo "2104"]
[BlackElo "2261"]
[PlyCount "120"]
[EventDate "2009.04.11"]

1. Nf3 Nf6 2. g3 g6 3. Bg2 Bg7 4. O-O O-O 5. d3 d6 6. e4 c5 7. c4 Nc6 8. Nc3
Rb8 9. Nd5 Ne8 10. Rb1 e6 11. Ne3 Nc7 12. b3 a6 13. Bb2 e5 14. Ne1 Nd4 15. N1c2
h5 16. Nxd4 cxd4 17. Nd5 Nxd5 18. cxd5 Bg4 19. Qd2 Kh7 20. h3 Bd7 21. f4 Bh6
22. Kh2 h4 23. Qf2 hxg3+ 24. Qxg3 Bxf4 25. Rxf4 exf4 26. Qxf4 Rc8 27. Bxd4 f6
28. Qh4+ Kg7 29. Rb2 Rh8 30. Qf4 Qe7 31. Rf2 Rcf8 32. Bb2 Rf7 33. Rf3 Rh5 34.
Rg3 Kh7 35. Ba3 g5 36. Qxd6 Qxd6 37. Bxd6 g4 38. d4 gxh3 39. Bf1 Rg5 40. Bxh3
Rxg3 41. Bxg3 Bxh3 42. Kxh3 Kg6 43. d6 Rf8 44. Kg2 Kf7 45. Be1 Ke6 46. Bb4 Rc8
47. Bc5 b6 48. Bxb6 Rc2+ 49. Kf3 Kxd6 50. Kf4 Rf2+ 51. Ke3 Rxa2 52. Bc5+ Ke6
53. d5+ Kf7 54. b4 Rc2 55. Kd4 Rc1 56. Bd6 Ke8 57. Bf4 Rc2 58. Kd3 Rb2 59. Bd2
Rb1 60. Kc4 Rd1 1/2-1/2

[Event "Dan Kragujevca 2009"]
[Site "Kragujevac"]
[Date "2009.04.13"]
[Round "6.14"]
[White "Kostic, Ninoslav"]
[Black "Mladenovic, Stefan"]
[Result "1-0"]
[WhiteElo "2228"]
[BlackElo "1955"]
[PlyCount "119"]
[EventDate "2009.04.11"]

1. d4 Nf6 2. c3 e6 3. Bg5 d5 4. Nd2 Be7 5. Ngf3 b6 6. e3 Bb7 7. Be2 Nbd7 8. O-O
O-O 9. h3 c5 10. Bf4 Ne4 11. Nxe4 dxe4 12. Nd2 f5 13. Qb3 Rf6 14. Bc4 Nf8 15.
Rfd1 Qe8 16. Nf1 Bc6 17. a4 Rd8 18. Ng3 Bd7 19. Be5 Rf7 20. Ne2 Bf6 21. Bg3 g5
22. dxc5 bxc5 23. Bd6 Be7 24. Bc7 Rc8 25. Bh2 h5 26. a5 f4 27. exf4 g4 28. hxg4
hxg4 29. Bg3 Rh7 30. Kf1 Rb8 31. Qc2 Bb5 32. b3 Bxc4 33. bxc4 Rh1+ 34. Ng1 Qc6
35. Re1 Bf6 36. f5 Re8 37. Rxe4 exf5 38. Rxe8 Qxe8 39. Qxf5 Bxc3 40. Qxg4+ Ng6
41. Rb1 Qf7 42. Rb8+ Kh7 43. a6 Bg7 44. Rd8 Qf6 45. Rd6 Qa1+ 46. Qd1 Qc3 47.
Qd3 Qc1+ 48. Ke2 Qg5 49. Nf3 Qe7+ 50. Ne5 Bxe5 51. Rd7 Bd6+ 52. Rxe7+ Bxe7 53.
Qd7 Rc1 54. Bd6 Rxc4 55. Qxa7 Re4+ 56. Kf1 c4 57. Bxe7 Rxe7 58. Qc5 Re8 59.
Qxc4 Ne5 60. Qe4+ 1-0

[Event "Dan Kragujevca 2009"]
[Site "Kragujevac"]
[Date "2009.04.13"]
[Round "6.15"]
[White "Nikolic, Vladimir"]
[Black "Radovanovic, Nikola"]
[Result "1/2-1/2"]
[WhiteElo "1933"]
[BlackElo "2161"]
[PlyCount "21"]
[EventDate "2009.04.11"]

1. Nf3 g6 2. d4 Nf6 3. Nbd2 Bg7 4. e4 d6 5. c3 O-O 6. Bd3 e5 7. O-O Nbd7 8. Re1
c6 9. Nf1 h6 10. Ng3 Ne8 11. Qb3 1/2-1/2

[Event "Dan Kragujevca 2009"]
[Site "Kragujevac"]
[Date "2009.04.13"]
[Round "6.16"]
[White "Filipovic, Zivadin"]
[Black "Antic, Nenad"]
[Result "0-1"]
[WhiteElo "2149"]
[BlackElo "1390"]
[PlyCount "62"]
[EventDate "2009.04.11"]

1. e4 e5 2. Nf3 Nc6 3. Bb5 a6 4. Bxc6 dxc6 5. d4 exd4 6. Qxd4 Qxd4 7. Nxd4 c5
8. Nb3 Bd7 9. O-O O-O-O 10. Nc3 Bc6 11. Be3 b6 12. h3 Nf6 13. f3 Be7 14. Rad1
h6 15. Kf2 Nh5 16. g3 g5 17. Rfe1 Bd6 18. Rg1 Bxg3+ 19. Rxg3 Rxd1 20. Nxd1 Nxg3
21. Kxg3 Rd8 22. Nd2 c4 23. Nc3 b5 24. Nd5 Bxd5 25. exd5 Rxd5 26. Kf2 f5 27. f4
g4 28. hxg4 fxg4 29. c3 Rd3 30. Nf1 h5 31. f5 Rd5 0-1

[Event "Dan Kragujevca 2009"]
[Site "Kragujevac"]
[Date "2009.04.13"]
[Round "6.17"]
[White "Huynh, Arthur"]
[Black "Garic, Radomir"]
[Result "0-1"]
[WhiteElo "1978"]
[BlackElo "2255"]
[PlyCount "120"]
[EventDate "2009.04.11"]

1. d4 Nf6 2. c4 c5 3. d5 b5 4. Nf3 g6 5. e3 Bg7 6. a4 b4 7. Bd3 O-O 8. O-O d6
9. Nbd2 e6 10. e4 exd5 11. cxd5 Bg4 12. Nc4 Re8 13. h3 Bxf3 14. Qxf3 Nfd7 15.
Bf4 Ne5 16. Bxe5 Bxe5 17. Qg4 Qf6 18. Rab1 h5 19. Qf3 Qxf3 20. gxf3 Bf4 21. Kg2
Nd7 22. Rfd1 Kg7 23. a5 h4 24. Ra1 Nf6 25. a6 Nh5 26. Kf1 Be5 27. Ke1 Nf4 28.
Bf1 Rab8 29. Ra4 Rbd8 30. Kd2 Bd4 31. Ra5 Rd7 32. Rb5 f5 33. Rb7 Ree7 34. Nxd6
c4 35. Bxc4 Kf6 36. Ne8+ Ke5 37. Rxd7 Rxd7 38. Bb5 Rh7 39. d6 Nxh3 40. d7 Bb6
41. Ke2 Nf4+ 42. Kf1 h3 43. Kg1 h2+ 44. Kh1 Nh3 45. Rd5+ Kf4 46. Kxh2 Ng5+ 47.
Kg2 Nxf3 48. Kf1 Rh1+ 49. Ke2 fxe4 50. Rd1 Rh2 51. Rd6 Rxf2+ 52. Kd1 Bd8 53.
Ng7 Ng5 54. Rxg6 Ke3 55. b3 Rd2+ 56. Kc1 Rd5 57. Bc6 Rc5+ 58. Kd1 Nf3 59. Re6
Ne5 60. Re8 Nxc6 0-1

[Event "Dan Kragujevca 2009"]
[Site "Kragujevac"]
[Date "2009.04.13"]
[Round "6.18"]
[White "Zivkovic, Momcilo"]
[Black "Stojanovic, Vladimir M"]
[Result "1-0"]
[WhiteElo "2176"]
[BlackElo "1951"]
[PlyCount "131"]
[EventDate "2009.04.11"]

1. e4 d6 2. d4 Nf6 3. Nc3 e5 4. dxe5 dxe5 5. Qxd8+ Kxd8 6. Bg5 Be6 7. O-O-O+
Kc8 8. f4 exf4 9. e5 h6 10. Bxf4 Ng4 11. Rd2 g5 12. Bg3 Nd7 13. Nf3 Bg7 14. Re2
h5 15. Nxg5 h4 16. Bf4 Ngxe5 17. Nxe6 fxe6 18. Re4 a6 19. Bg5 Bh6 20. Bxh6 Rxh6
21. Be2 b5 22. a4 c6 23. Re1 Kc7 24. Bd1 Kd6 25. Rd4+ Ke7 26. Ne4 Rf8 27. axb5
axb5 28. b3 Rg6 29. g3 hxg3 30. hxg3 Rh8 31. Rd2 Ng4 32. Bf3 e5 33. Red1 Nb6
34. Nc5 Ne3 35. Re1 Nbd5 36. Bxd5 Nxd5 37. c4 bxc4 38. bxc4 Nb6 39. Rxe5+ Kf7
40. Ne4 Rh1+ 41. Kc2 Nxc4 42. Rd7+ Kf8 43. Rc5 Ne3+ 44. Kd2 Nf1+ 45. Kc2 Ne3+
46. Kb2 Nd5 47. Ra5 Re6 48. Ra8+ Re8 49. Rxe8+ Kxe8 50. Rg7 Re1 51. Nd6+ Kf8
52. Rg6 Re3 53. Kc2 Ne7 54. Rg4 Nd5 55. Kd2 Rb3 56. Rg6 Ne7 57. Rf6+ Kg8 58.
Ne4 Kg7 59. Re6 Kf8 60. g4 Rb2+ 61. Ke3 Nd5+ 62. Kd4 Rg2 63. g5 Ne7 64. Ke5 Rg1
65. Rf6+ Ke8 66. Rh6 1-0

[Event "Dan Kragujevca 2009"]
[Site "Kragujevac"]
[Date "2009.04.13"]
[Round "6.20"]
[White "Gutic, Slobodan"]
[Black "Milosevic, Rade"]
[Result "0-1"]
[WhiteElo "1380"]
[BlackElo "2111"]
[PlyCount "76"]
[EventDate "2009.04.11"]

1. e4 c6 2. c4 d5 3. cxd5 cxd5 4. e5 Nc6 5. d4 Bf5 6. a3 e6 7. h3 h5 8. Nf3 Be7
9. Bb5 Bxb1 10. Bxc6+ bxc6 11. Rxb1 c5 12. dxc5 Bxc5 13. b4 Bb6 14. Qa4+ Qd7
15. Qxd7+ Kxd7 16. O-O Ne7 17. a4 Rhb8 18. Be3 f5 19. b5 Ng6 20. g3 Rf8 21.
Bxb6 axb6 22. Rb4 Rac8 23. Re1 Rc3 24. Nd4 h4 25. Kh2 Ra3 26. Rc1 hxg3+ 27.
fxg3 Nxe5 28. Nc6 Ra2+ 29. Kg1 Nd3 30. Rcb1 Nxb4 31. Rxb4 Ra8 32. a5 R8xa5 33.
Nxa5 Rxa5 34. Kf2 Ke7 35. Kf3 Ra3+ 36. Kf2 Kf6 37. h4 Ra2+ 38. Kf3 e5 0-1

[Event "Dan Kragujevca 2009"]
[Site "Kragujevac"]
[Date "2009.04.13"]
[Round "6.21"]
[White "Trpkovic, Miroljub"]
[Black "Radovic, Janko"]
[Result "1/2-1/2"]
[WhiteElo "2034"]
[BlackElo "1390"]
[PlyCount "68"]
[EventDate "2009.04.11"]

1. e4 Nf6 2. e5 Nd5 3. c4 Nb6 4. d4 d6 5. Nf3 Bg4 6. exd6 exd6 7. Be2 Be7 8.
O-O O-O 9. Qb3 Nc6 10. Rd1 Bxf3 11. Qxf3 Bg5 12. Nc3 Re8 13. c5 Nd7 14. Bc4 Bf6
15. Be3 dxc5 16. dxc5 Nce5 17. Qe2 Nxc4 18. Qxc4 Bxc3 19. Qxc3 Qe7 20. b4 Rad8
21. Re1 Qh4 22. f3 Nf6 23. Bf2 Qg5 24. Bg3 Nd5 25. Qb2 h5 26. Qf2 Nf4 27. h4
Qf5 28. Kh2 c6 29. Rxe8+ Rxe8 30. Re1 Rxe1 31. Qxe1 Qe6 32. Qxe6 Nxe6 33. Be5
f6 34. Bb2 Kf7 1/2-1/2

[Event "Dan Kragujevca 2009"]
[Site "Kragujevac"]
[Date "2009.04.13"]
[Round "6.22"]
[White "Mickovic, Slavisa"]
[Black "Kostic, Tomislav"]
[Result "1-0"]
[WhiteElo "2117"]
[BlackElo "1380"]
[PlyCount "71"]
[EventDate "2009.04.11"]

1. d4 Nf6 2. c4 c5 3. dxc5 e6 4. a3 Bxc5 5. b4 Be7 6. Bb2 O-O 7. Nc3 b6 8. Nf3
Bb7 9. g3 Nc6 10. Bg2 Qc7 11. O-O Rac8 12. Rc1 a6 13. Nd5 Qd8 14. Nxe7+ Qxe7
15. Nd4 Rfd8 16. Qa4 h6 17. Nxc6 dxc6 18. c5 Rd2 19. Bxf6 Qxf6 20. cxb6 e5 21.
e3 Qe6 22. Rfd1 Rcd8 23. Rxd2 Rxd2 24. Rd1 Rxd1+ 25. Qxd1 Qe7 26. h4 f5 27. Qd3
e4 28. Qd4 Kf7 29. Bf1 Ke8 30. Bc4 Qd7 31. Qe5+ Kd8 32. Be6 Qd1+ 33. Kh2 Qd2
34. Qc7+ Ke8 35. Qf7+ Kd8 36. Qf8# 1-0

[Event "Dan Kragujevca 2009"]
[Site "Kragujevac"]
[Date "2009.04.13"]
[Round "6.23"]
[White "Gagic, Miroljub"]
[Black "Radovic, Milos"]
[Result "1-0"]
[WhiteElo "1888"]
[BlackElo "1370"]
[PlyCount "85"]
[EventDate "2009.04.11"]

1. e4 Nf6 2. e5 Nd5 3. d4 d6 4. c4 Nb6 5. exd6 exd6 6. Bd3 Nc6 7. Ne2 Bg4 8.
Be3 Be7 9. O-O O-O 10. Nbc3 Nb4 11. Re1 Nxd3 12. Qxd3 Bg5 13. Bxg5 Qxg5 14. h3
Bf5 15. Qg3 Qxg3 16. Nxg3 Bg6 17. b3 a6 18. Re7 Rac8 19. c5 dxc5 20. dxc5 Na8
21. Rd1 Rfe8 22. Red7 Kf8 23. Nge2 Bf5 24. R7d4 c6 25. g4 Be6 26. Ne4 Bd5 27.
Nd6 Rxe2 28. Nxc8 Rxa2 29. Rb4 Nc7 30. Rxb7 Ne6 31. Rb8 Bf3 32. Nd6+ Ke7 33.
Re1 Kf6 34. Rb7 Ng5 35. h4 Nh3+ 36. Kh2 Bxg4 37. Rxf7+ Kg6 38. Kg3 h5 39. f3
Rd2 40. fxg4 hxg4 41. Re6+ Kh7 42. Nf5 Rd3+ 43. Re3 1-0

[Event "Dan Kragujevca 2009"]
[Site "Kragujevac"]
[Date "2009.04.13"]
[Round "6.24"]
[White "Radovic, Luka"]
[Black "Nicosia, Federico"]
[Result "1/2-1/2"]
[WhiteElo "1390"]
[BlackElo "1380"]
[PlyCount "58"]
[EventDate "2009.04.11"]

1. e4 c5 2. c3 b6 3. d4 Bb7 4. d5 Nf6 5. Bd3 d6 6. Ne2 e6 7. c4 Be7 8. O-O O-O
9. f4 Nbd7 10. Kh1 Qc7 11. Nbc3 a6 12. Qe1 Rfe8 13. Qg3 exd5 14. cxd5 c4 15.
Bc2 Bf8 16. Nd4 Nc5 17. Re1 Re7 18. Nf5 Ree8 19. Re3 Bc8 20. Qg5 Bxf5 21. Qxf5
Qc8 22. e5 Qxf5 23. Bxf5 dxe5 24. fxe5 Nfd7 25. e6 fxe6 26. dxe6 Nf6 27. Bd2
Rad8 28. Re2 g6 29. Bg5 gxf5 1/2-1/2

[Event "Dan Kragujevca 2009"]
[Site "Kragujevac"]
[Date "2009.04.13"]
[Round "6.25"]
[White "Petrovic, Tamara"]
[Black "Kostic, Marko"]
[Result "0-1"]
[WhiteElo "1360"]
[BlackElo "1370"]
[PlyCount "108"]
[EventDate "2009.04.11"]

1. e4 c6 2. d4 d5 3. Nc3 dxe4 4. Nxe4 Bf5 5. Ng3 Bg6 6. Nf3 Nd7 7. h4 h6 8. h5
Bh7 9. Bd3 Bxd3 10. Qxd3 e6 11. Bd2 Qc7 12. Bc3 Ngf6 13. O-O-O c5 14. dxc5 Bxc5
15. Nd4 O-O 16. Kb1 a6 17. Rd2 b5 18. Re2 b4 19. Bd2 a5 20. Ne4 Rab8 21. Nb5
Qc6 22. Nd4 Qd5 23. Nxf6+ Nxf6 24. Bf4 Rb7 25. Nb3 Qxd3 26. cxd3 Be7 27. Re3 a4
28. Nd2 Nd5 29. Rg3 Nxf4 30. Kc1 Ne2+ 31. Kd1 Nxg3 32. fxg3 Bf6 33. Nc4 Rd8 34.
Kd2 Rbd7 35. Ke2 Rxd3 36. g4 R3d4 37. Ne3 Re4 38. Kf3 Rdd4 39. Rd1 Rf4+ 40. Kg3
Rde4 41. Rd3 Bxb2 42. Rd8+ Kh7 43. Rd2 Bc1 44. Rd3 Rxe3+ 45. Kxf4 Rxd3+ 46. Ke5
b3 47. axb3 Rxb3 48. g5 hxg5 49. g4 a3 50. Kd6 a2 51. Ke7 a1=Q 52. Kf8 Qf6 53.
Ke8 Rd3 54. h6 Rd8# 0-1